000 00575nam a2200157 a 4500
008 120416s1973 ||||||||||||||||| || u
050 _aHF 5681.R25 Wes
100 _aWestwick, C. A
245 1 0 _aHow to use management ratios.
260 _aAldershot, U. K.
_bGower P
_c1973
300 _axv, 288p. : ill.
350 _a0.00
650 0 _aACCOUNTING--HANDBOOKS, MANUALS, ETC
650 0 _aMANAGERIAL ACCOUNTING
995 _D0.00
_FCBU-MAIN LIBRARY (Kitwe)
_H1
_I0.00
_M1
_UAVAILABLE
_ZMain Library Open Access Collection
999 _c45855
_d45855